000
00312nam a2200145Ia 4500
100
_a
Lord/ N.W/ Demorest/D.J
942
_c
BK
654
_a
Analysis
245
_a
Metallurgical analysis
260
_b
McGraw Hill
_a
Newyork
_c
1924
082
_a
669.92
_b
LOR
300
_a
472
546
_a
ENGLISH
999
_c
28376
_d
28376